| 000 | 00686nam a2200205 a 4500 | ||
|---|---|---|---|
| 005 | 20240924064310.0 | ||
| 008 | 021008s1992 es r 000 0 spa d | ||
| 020 | _a8433105744 | ||
| 035 | _aUPN01000119964 | ||
| 049 | _aCG | ||
| 050 | 4 |
_aLB2361 _bB6.3 |
|
| 100 | 1 |
_aBolívar Botía, Antonio, _d1952- _931294 |
|
| 245 | 1 | 4 |
_aLos contenidos actitudinales en el currículo de la reforma : _bproblemas y propuestas / _cAntonio Bolívar Botía. |
| 260 |
_aMadrid : _bEscuela Española, _c[1992]. |
||
| 300 |
_a287 p. : _bil. |
||
| 440 | 0 |
_aDe la reforma educativa al aula ; _v2 |
|
| 650 | 4 |
_aEducación _vPlanes y programas _96413 |
|
| 650 | 7 |
_aActitud (Psicología) _2 _9125 |
|
| 905 | _aLibro | ||
| 999 |
_c92314 _d92314 |
||